000 00425nam a2200181Ia 4500
008 230524s9999 xx 000 0 und d
020 _a8176565644
082 _a6.382
_bJOS
100 _aRonn Jost
245 0 _aMS-Office XP Complete
250 _a1ST
260 _aNEW DELHI
_bBPB
_c2005
300 _a1001
500 _aQuantity Number: 2
650 _aComp-Sc
700 _a Kylie Johnston (Editors)
942 _cBK
999 _c17659
_d17659